00404nam a2200157Ia 45000010006000000050017000060080041000230410008000640820019000721000041000912450063001322600009001953000028002046500006002326540008002382280220260414150855.0260414t2014||||xx |||||||||||||| ||spa|| aESP a624bA36 Nº 1 aAlbarrán Núñez, José F.eAUT 0aProcesos de ingeniería en proyectos de infraestructurab c2014 a111 páginas :c23 cm. a0 aCIC